Quizzes
Events
Quiz Creation
Community
Videos
Private Events
Remove Ads
Sign In
Join for FREE
Feedback
Dark Mode
Quiz Categories
Sports
Geography
Music
Movies
Television
Just For Fun
Miscellaneous
History
Literature
Language
Science
Gaming
Entertainment
Religion
Holiday
For Kids
Quiz Lab
Recent
Popular Today
Quiz Kudos Today
Editor Picks
Curator Picks
Quizzes by...
Day
Popularity
Type
Ratings
Length
Year
Community
Subscriptions
Recent Discussions
Orange Saloon
Badges
Playlists
Quests
Create
Leaderboards
Showdown
Live 5
Trivia Bingo
Activity
Puzzle Library
Sporcle Events
Private Events
Virtual Trivia
Globe League
Become a Host
Pub Owners
SporcleCon
Opinionation
Our Games
Videos
Blog
Mobile Apps
Partnerships
Remove Ads and Go Orange
Feedback
Literature
Harry Potter
A Song of Ice and Fire
The Hunger Games
Literary Character
Shakespeare
Book
Author
Novel
Poem
Young Adult
Children's Books
Play
Lord of the Rings
Literature
Harry Potter
A Song of Ice and Fire
The Hunger Games
Literary Character
Shakespeare
Book
Author
Novel
Poem
Young Adult
Children's Books
Play
Lord of the Rings
Random Quiz
Search Sporcle
×
Quiz Lab
Quiz Lab
Literature
Book
Type in answers that appear in a list
Type in answers that appear in a list
Classic
Best Score? Go Orange.
Book Title by Quote Stats
Can you name the Book Title by Quote?
By
pear
5m
23 Questions
129 Plays
129 Plays
129 Plays
Comments
Comments
Give Quiz Kudos
Give Quiz Kudos
-
- Ratings
hide this ad
Replay
Link that replays current quiz
Next Quiz
Link to next quiz in quiz playlist
You Got
0%
They Got
Avg Score
48%
Avg Friend Score
Upgrade to see
Score Distribution
Jump to the score distribution portion of the page
Score
0/23
Timer
05:00
0
Plays Today
Quote
Title
% Correct
'It was the best of times, it was the worst of times'
Tale of Two Cities
90.7%
'Then the bird said, 'nevermore''
The Raven
87.6%
'Call me Ishmael'
Moby Dick
86%
'in fair Verona, where we lay our scene'
Romeo and Juliet
80.6%
'FOUR LEGS GOOD, TWO LEGS BAD'
Animal Farm
76.7%
'It was times like these when I thought my father, who hated guns and had never been to any wars, was the bravest man who ever lived'
To Kill a Mockingbird
72.1%
'It was a pleasure to burn'
Fahrenheit 451
66.7%
'I bent over him, and tried to find any sign of life, but in vain'
Dracula
66.7%
'Why is a raven like a writing desk?'
Alice in Wonderland
65.9%
'Very nice friends, O yes my precious, very nice'
Lord of the Rings
62.8%
'These are unpleasant facts; I know it. But then most historical facs are unpleasant'
Brave New World
55%
'When shall we three meet again, in thunder, lightning, or in rain?'
Macbeth
53.5%
Quote
Title
% Correct
'I swear by my life and my love of it that I will never live for the sake of another man, nor ask another man to live for mine'
Atlas Shrugged
45%
'Historians are like deaf people who go on answering questions that no one has asked them'
War and Peace
45%
'_
_
_
_
_
_
_
, light of my life, fire of my loins, m sin, my soul'
Lolita
41.1%
'Can any man be courageous who has the fear of death in him?'
The Republic
28.7%
'Pretend inferiority and encourage his arrogance'
Art of War
26.4%
'•The man in black fled across the desert, and the gunslinger followed'
Dark Tower
25.6%
'If music be the food of love, surfeit'
Twelfth Night
20.9%
'It pays to be obvious, especially if you have a reputation for subtlety'
Foundation
6.2%
'Death was in that poisonous wave and its gulf a fitting grave'
To the lake
0.8%
'The highest possible stage in moral culture is when we recognize that we ought to control our thoughts'
Descent of Man
0.8%
'You know how advice is -
you only want it if it agrees with what you wanted to do anyways'
The Winter of Our Discontent
0%
Quiz Playlist
Details
Report
Send in Message
Add To Playlist
Classic:
Type in answers that appear in a list
Last Updated: Feb 16, 2017
Quiz Scoreboard
CHALLENGE
Sign Up to Join the Scoreboard
Show All
Scores
Hide
Comments
May contain spoilers
Recently Published
Billboard Blitz: Fleetwood Mac
by CooCooCachoo
Music
15s
Presidents Visiting Landmarks
by Hejman
History
7m
An Introduction to Baseball
by treessimontrees
Sports
5m
More to Explore
Quiz From the Vault
Featured Blog Post
Where Did the Easter Bunny Come From?
hide this ad
You Might Also Like...
Tags
Author Quiz
Book Quiz
Novel Quiz
Quote Quiz
Today's Top Quizzes in Literature
Browse Literature
hide this ad
Today's Top Quizzes in Book
Browse Book
Top Contributed Quizzes in Literature
1
Sneaky Slytherin Logic Puzzle
2
Get The Picture: Black or White Literature
3
5-to-1: Plays
4
A Court of Thorns and Roses (ACoTaR) Logic Puzzle
5
One Thing in Common: Literature
6
One Thing in Common: Books
7
One Thing in Common: Literature 3
8
One Thing in Common: Literature II
9
Harry Potter Neighbourly Logic Puzzle #5
10
Harry Potter Neighbourly Logic Puzzle #6
Explore More
Trending Topics
Harry Potter
NBA
Crossword
Kpop
Disney
Marvel
Anime
Puzzle
Country
The Office
Song
Soccer
WWE
NFL
Pokémon
hide this ad
More By:
pear
Quiz
Plays
Rating
Category
Featured
Created
Book Title by Quote
129
1.50
Literature
Apr 26, 2011
Go to Creator's Profile
Score Distribution
Quiz Creator Spotlight
pear
Follow
Send a Message
Quizzes Created
-
Created Quiz Play Count
-
More By This Creator
Popular Quizzes Today
1
Find the US States - No Outlines Minefield
2
Find the Countries of Europe - No Outlines Minefield
3
The Countries of the World
4
Find the US States
5
Popular People in 1961
6
US States
7
Risky Map Clicking: Biggest States A-Z
8
Movies - When Are They Set?
More Literature Quizzes
Children's Book Characters
Published
Trending Quizzes
Risky Map Clicking: Least Populous States A-Z
1-10 Letter G Words
1-10 Letter F Words
Risky Map Clicking: Next State Alphabetically
'A' Boys' Names Grid
Recently Updated
Leaping Animals
pecheneg
Reality TV Shows (A-Z)
bhenderson79
Rickey Henderson's Hall of Fame Teammates
pecheneg
Champions League XIs: Arsenal
pecheneg
Quick Pick: Celebrities in WWE's Hall of Fame
aduchscher
A-Z Keypad Blitz II
pecheneg
Multiple Oscar Actors
pecheneg
Mystery Phrase Blitz: Oscar 'Best Actors'
pecheneg
F. Scott Fitzgerald Novels
LTH
Pick 3 Villains
ddd62291
Trending Topics
Kpop
Crossword
Harry Potter
Marvel
NBA
Disney
Anime
Country
WWE
Song
The Office
NFL
Pokémon
Puzzle
Soccer
Your Account Isn't Verified!
In order to create a playlist on Sporcle, you need to verify the email address you used during registration. Go to your
Sporcle Settings
to finish the process.
Report this User
Report this user for behavior that violates our
Community Guidelines
.
Details:
Send Report
Go to the Sporcle.com Mobile Site →
Comments